Statistics for Norway Players Biggest Transfers

Click here to take the quiz!

General Stats

  • This quiz has been taken 45 times
  • The average score is 57 of 219

Answer Stats

PlayerFromJoined% Correct
STErling Haaland22/23Borussia DortmundManchester City
100%
STErling Haaland19/20RB SalzburgBorussia Dortmund
100%
STErling Haaland18/19MoldeRB Salzburg
100%
AMMartin Odegaard19/20Real MadridReal Sociedad
100%
AMMartin Odegaard20/21Real MadridArsenal
100%
AMMartin Odegaard21/22Real MadridArsenal
100%
AMMartin Odegaard14/15StromsgodsetReal Madrid
100%
DMAlf-Inge Haaland97/98Nottingham ForestLeeds United
97%
DMAlf-Inge Haaland00/01Leeds UnitedManchester City
97%
LWAlexander Odegaard04/05SogndalRosenborg
89%
STAlexander Sorloth23/24RB LeipzigVillarreal
76%
STAlexander Sorloth22/23RB LeipzigReal Sociedad
76%
STAlexander Sorloth21/22RB LeipzigReal Sociedad
76%
STAlexander Sorloth17/18MidtjyllandCrystal Palace
76%
STAlexander Sorloth20/21Crystal PalaceRB Leipzig
76%
STOle Gunnar Solskjaer96/97MoldeManchester United
68%
RBHenning Berg00/01Manchester UnitedBlackburn Rovers
65%
RBHenning Berg97/98Blackburn RoversManchester United
65%
RMBjorn Helge Riise09/10LillestromFulham
62%
LBJohn Arne Riise08/09LiverpoolRoma
62%
LBJohn Arne Riise11/12RomaFulham
62%
LBJohn Arne Riise01/02MonacoLiverpool
62%
AMOliver Berg23/24DjurgardensMalmo
62%
DMPatrick Berg22/23LensBodo/Glimt
62%
DMPatrick Berg21/22Bodo/GlimtLens
62%
DMSander Berge19/20GenkSheffield United
62%
DMSander Berge23/24Sheffield UnitedBurnley
62%
DMSander Berge16/17ValerengaGenk
62%
STTore Andre Flo00/01ChelseaRangers
51%
STTore Andre Flo03/04SunderlandSiena
51%
STTore Andre Flo02/03RangersSunderland
51%
STHavard Flo98/99Werder BremenWolverhampton Wanderers
46%
STJohn Carew03/04ValenciaRoma
46%
STJohn Carew05/06BesiktasLyon
46%
STJohn Carew99/00ValerengaRosenborg
46%
STJohn Carew04/05ValenciaBesiktas
46%
STJohn Carew00/01RosenborgValencia
46%
STJoshua King12/13Manchester UnitedBlackburn Rovers
46%
CBKristoffer Ajer21/22CelticBrentford
46%
LWMohamed Elyounoussi16/17MoldeBasel
43%
LWMohamed Elyounoussi18/19BaselSouthampton
43%
CMMorten Gamst Pedersen04/05TromsoBlackburn Rovers
43%
RBJulian Ryerson22/23Union BerlinBorussia Dortmund
41%
AMKristian Thorstvedt22/23GenkSassuolo
41%
AMKristian Thorstvedt19/20VikingGenk
41%
CBLeo Ostigard22/23Brighton & Hove AlbionNapoli
41%
GKOrjan Nyland18/19IngolstadtAston Villa
41%
GKOrjan Nyland15/16MoldeIngolstadt
41%
STTarik Elyounoussi12/13FredrikstadRosenborg
41%
STTarik Elyounoussi08/09FredrikstadHeerenveen
41%
STTarik Elyounoussi16/17HoffenheimOlympiacos
41%
STTarik Elyounoussi13/14RosenborgHoffenheim
41%
LWJens Petter Hauge21/22MilanEintracht Frankfurt
38%
LWJens Petter Hauge20/21Bodo/GlimtMilan
38%
LWJens Petter Hauge22/23MilanEintracht Frankfurt
38%
RBMarcus Pedersen21/22MoldeFeyenoord
38%
RBMarcus Pedersen23/24FeyenoordSassuolo
38%
STMarcus Pedersen10/11StromsgodsetVitesse
38%
STJorgen Strand Larsen20/21SarpsborgGroningen
35%
STJorgen Strand Larsen22/23GroningenCelta Vigo
35%
CMFredrik Aursnes22/23FeyenoordBenfica
32%
CBHavard Nordtveit17/18West Ham UnitedHoffenheim
32%
CBHavard Nordtveit18/19HoffenheimFulham
32%
CMMorten Thorsby22/23SampdoriaUnion Berlin
32%
LBBirger Meling21/22NimesRennes
30%
LBBirger Meling23/24RennesKobenhavn
30%
LBBirger Meling20/21RosenborgNimes
30%
CBBrede Hangeland07/08KobenhavnFulham
30%
CMHugo Vetlesen23/24Bodo/GlimtClub Brugge
30%
DMSivert Mannsverk23/24MoldeAjax
30%
DMSivert Mannsverk21/22SogndalMolde
30%
LWAntonio Nusa21/22StabaekClub Brugge
27%
GKRune Jarstein07/08OddRosenborg
27%
STErik Botheim21/22Bodo/GlimtKrasnodar
24%
RWOla Solbakken23/24RomaOlympiacos
24%
CBRonny Johnsen96/97BesiktasManchester United
24%
CMStefan Johansen13/14StromsgodsetCeltic
24%
CMStefan Johansen16/17CelticFulham
24%
SSSteffen Iversen96/97RosenborgTottenham Hotspur
24%
CBAndreas Hanche-Olsen22/23GentMainz
22%
LWAndreas Schjelderup23/24BenficaNordsjaelland
22%
LWAndreas Schjelderup22/23NordsjaellandBenfica
22%
STBjorn Johnsen18/19ADO Den HaagAZ Alkmaar
22%
STBjorn Johnsen19/20AZ AlkmaarUlsan Hyundai
22%
LBDavid Moller Wolfe23/24BrannAZ Alkmaar
22%
LWDennis Johnsen17/18HeerenveenAjax
22%
CMFredrik Midtsjo17/18RosenborgAZ Alkmaar
22%
CMFredrik Midtsjo22/23AZ AlkmaarGalatasaray
22%
CMFredrik Midtsjo23/24GalatasarayPendikspor
22%
CMLasse Berg Johnsen23/24RandersMalmo
22%
AMMagnus Wolff Eikrem13/14HeerenveenCardiff City
22%
AMMagnus Wolff Eikrem13/14MoldeHeerenveen
22%
CBMarkus Henriksen12/13RosenborgAZ Alkmaar
22%
CBMarkus Henriksen16/17AZ AlkmaarHull City
22%
AMMats Moller Daehli21/22GenkNuremberg
22%
AMMats Moller Daehli14/15Cardiff CityFreiburg
22%
AMMats Moller Daehli13/14MoldeCardiff City
22%
AMMats Moller Daehli19/20St. PauliGenk
22%
STMos Abdellaoue11/12ValerengaKobenhavn
22%
DMOle Selnaes15/16RosenborgSaint-Etienne
22%
DMOle Selnaes18/19Saint-EtienneShenzhen
22%
LWTrond Olsen08/09Bodo/GlimtRosenborg
22%
STVeton Berisha17/18Greuther FurthRapid Vienna
22%
STVeton Berisha22/23HammarbyMolde
22%
STVeton Berisha22/23VikingHammarby
22%
CMEirik Bakke99/00SogndalLeeds United
19%
LWEmil Konradsen Ceide22/23RosenborgSassuolo
19%
DMMathias Normann17/18Bodo/GlimtBrighton & Hove Albion
19%
DMMathias Normann18/19Brighton & Hove AlbionRostov
19%
DMMathias Normann22/23RostovDynamo Kyiv
19%
DMMathias Normann21/22RostovNorwich City
19%
STMohammed Abdellaoue10/11ValerengaHannover
19%
STMohammed Abdellaoue13/14HannoverStuttgart
19%
CMOdin Thiago Holm23/24ValerengaCeltic
19%
RBOmar Elabdellaoui16/17OlympiacosHull City
19%
CMPer Ciljan Skjelbred14/15HamburgHertha Berlin
19%
STAdama Diomande15/16StabaekHull City
16%
DMAlexander Tettey09/10RosenborgRennes
16%
DMAlexander Tettey12/13RennesNorwich City
16%
LMAron Donnum21/22ValerengaStandard Liege
16%
LMAron Donnum23/24Standard LiegeToulouse
16%
CMEmil Bohinen20/21StabaekCSKA Moscow
16%
CMEmil Bohinen22/23CSKA MoscowSalernitana
16%
AMKristian Eriksen22/23HamarkamerateneMolde
16%
AMKristoffer Zachariassen21/22RosenborgFerencvaros
16%
CMLars Bohinen97/98Blackburn RoversDerby County
16%
STOhi Omoijuanfo22/23Crvena ZvezdaBrondby
16%
STOhi Omoijuanfo18/19StabaekMolde
16%
STOla Kamara18/19LA GalaxyShenzhen
16%
STOla Kamara19/20ShenzhenDC United
16%
LWOsame Sahraoui22/23ValerengaHeerenveen
16%
CBStian Gregersen21/22MoldeBordeaux
16%
GKThomas Myhre97/98VikingEverton
16%
CBVegard Forren13/14SouthamptonMolde
16%
CBVegard Forren12/13MoldeSouthampton
16%
CMChristos Zafeiris22/23HaugesundSlavia Prague
14%
RWJoel Mvuka22/23Bodo/GlimtLorient
14%
RWJoel Mvuka21/22AsaneBodo/Glimt
14%
GKKristoffer Klaesson21/22ValerengaLeeds United
14%
LWKristoffer Velde21/22HaugesundLech Poznan
14%
AMOyvind Leonhardsen99/00LiverpoolTottenham Hotspur
14%
AMOyvind Leonhardsen97/98WimbledonLiverpool
14%
RWTobias Gulliksen23/24StromsgodsetBodo/Glimt
14%
RBVegard Heggem98/99RosenborgLiverpool
14%
CBBjorn Tore Kvarme99/00LiverpoolSaint-Etienne
11%
LWErik Huseklepp11/12BariPortsmouth
11%
LWErik Huseklepp10/11BrannBari
11%
STErik Nevland07/08GroningenFulham
11%
CBFrode Kippe98/99LillestromLiverpool
11%
STHavard Nielsen12/13ValerengaRB Salzburg
11%
CBHenrik Heggheim21/22VikingBrondby
11%
STJan Aage Fjortoft94/95Swindon TownMiddlesbrough
11%
STJan Aage Fjortoft97/98Sheffield UnitedBarnsley
11%
CBLBJesper Daland21/22StartCercle Brugge
11%
CMKristoffer Askildsen20/21StabaekSampdoria
11%
STLars-Jorgen Salvesen22/23StromsgodsetBodo/Glimt
11%
RBMartin Linnes15/16MoldeGalatasaray
11%
STOla Brynhildsen23/24MoldeMidtjylland
11%
STSigurd Haugen22/23AalesundsAarhus
11%
STSigurd Rushfeldt99/00RosenborgRacing Santander
11%
STSigurd Rushfeldt02/03Racing SantanderAustria Vienna
11%
CBSteinar Nilsen97/98TromsoMilan
11%
STAlexander Soderlund15/16RosenborgSaint-Etienne
8%
STAzar Karadas04/05RosenborgBenfica
8%
STDaniel Karlsbakk22/23VikingHeerenveen
8%
GKEspen Baardsen02/03WatfordEverton
8%
GKEspen Baardsen00/01Tottenham HotspurWatford
8%
CMHakon Evjen22/23AZ AlkmaarBrondby
8%
CMHakon Evjen19/20Bodo/GlimtAZ Alkmaar
8%
CBOdin Bjortuft22/23OddBodo/Glimt
8%
STOle Martin Arst97/98TromsoAnderlecht
8%
STOle Martin Arst00/01GentStandard Liege
8%
LWRafik Zekhnini17/18OddFiorentina
8%
STSeedy Jatta23/24ValerengaSturm Graz
8%
DMAnders Konradsen12/13StromsgodsetRennes
5%
SSAugust Mikkelsen22/23TromsoHammarby
5%
CMConrad Wallem23/24OddSlavia Prague
5%
CBErik Hagen04/05ValerengaZenit
5%
STHarald Brattbakk97/98RosenborgCeltic
5%
CMJohan Hove22/23StromsgodsetGroningen
5%
STJonatan Braut Brunes23/24StromsgodsetOH Leuven
5%
CMMathias Rasmussen23/24BrannUnion Saint-Gilloise
5%
CMPetter Rudi97/98MoldeSheffield Wednesday
5%
RBSebastian Sebulonsen22/23VikingBrondby
5%
STThorstein Helstad08/09BrannLe Mans
5%
CBVidar Riseth00/01Celtic1860 Munich
5%
CBVidar Riseth98/99LASKCeltic
5%
CMAnders Trondsen17/18SarpsborgRosenborg
3%
RBAndreas Vindheim19/20MalmoSparta Prague
3%
CBBirk Risa23/24MoldeNew York City
3%
CBBjorn Otto Bragstad00/01RosenborgDerby County
3%
CBCaper Oyvann23/24TromsoMolde
3%
CMChristian Grindheim07/08ValerengaHeerenveen
3%
CBEven Hovland11/12SogndalMolde
3%
STGeir Frigard98/99LASKTennis Borussia Berlin
3%
LWGustav Wikheim19/20MidtjyllandAl-Fateh
3%
LWGustav Wikheim15/16StromsgodsetGent
3%
LBHaitan Aleesami16/17GoteborgPalermo
3%
CMIver Fossum15/16StromsgodsetHannover
3%
AMJohn Hou Saeter18/19StabaekBeijing Guoan
3%
CMKristofer Haestad07/08StartValerenga
3%
CMMagnus Knudsen21/22LillestromRostov
3%
CMMartin Andresen99/00StabaekWimbledon
3%
CMMartin Andresen05/06StabaekBrann
3%
RMMartin Knudsen06/07BrannTromso
3%
STMushaga Bakenga11/12RosenborgClub Brugge
3%
AMPetter Vaagan Moen05/06HamarkamerateneBrann
3%
CBRagnvald Soma00/01BryneWest Ham United
3%
STRune Lange00/01TromsoTrabzonspor
3%
CBSigurd Rosted17/18SarpsborgGent
3%
LBStale Stensaas97/98RosenborgRangers
3%
DMTobias Borkeeiet19/20StabaekBrondby
3%
CBTore Reginiussen12/13OdenseRosenborg
3%
RBAslak Witry21/22DjurgardensAZ Alkmaar
0%
LBHassan El Fakiri00/01LynMonaco
0%
LBIsak Dybvik Maatta22/23AalesundsGroningen
0%
CBTom Hogli11/12TromsoClub Brugge
0%
CBTommy Berntsen00/01LillestromEintracht Frankfurt
0%
RWTrond Ludvigsen01/02Bodo/GlimtHertha Berlin
0%

Score Distribution

Percentile by Number Answered

Percent of People with Each Score

Your Score History

You have not taken this quiz